[Event "Regionalliga NO 1415"]
[Site "Bayern"]
[Date "2015.01.18"]
[Round "5.1"]
[White "Walter, Thomas"]
[Black "Lutz, Dieter"]
[Result "1-0"]
[WhiteElo "2109"]
[BlackElo "2249"]
[PlyCount "53"]
[EventDate "2014.10.19"]
[EventType "team-tourn"]
[EventRounds "9"]
[EventCountry "GER"]
[SourceTitle "EXT 2018"]
[Source "ChessBase"]
[SourceDate "2017.10.13"]
[SourceVersion "1"]
[SourceVersionDate "2017.10.13"]
[SourceQuality "1"]
[WhiteTeam "Erlangen SC II"]
[BlackTeam "Bechhofen"]
[WhiteTeamCountry "GER"]
[BlackTeamCountry "GER"]

1. e4 d5 2. exd5 Qxd5 3. Nc3 Qd8 4. Bc4 Nf6 5. Nf3 Bg4 6. Bxf7+ Kxf7 7. Ne5+ Kg8 8. Nxg4 Nc6 9. 0-0 Qd7 10. Nxf6+ exf6 11. d3 Bd6 12. Ne4 Rd8 13. c3 Qf5 14. Qb3+ Kf8 15. Nxd6 Rxd6 16. Qxb7 Ne7 17. Qxc7 Qxd3 18. Re1 Rd7 19. Qb8+ Rd8 20. Qxa7 Ng6 21. Be3 Rd7 22. Qb8+ Kf7 23. Qb3+ Qd5 24. Red1 Qxb3 25. Rxd7+ Ke6 26. axb3 Kxd7 27. Ra7+ 1-0

[Event "Regionalliga NO 1415"]
[Site "Bayern"]
[Date "2014.10.19"]
[Round "1.1"]
[White "Erlbeck, Peter"]
[Black "Lutz, Dieter"]
[Result "1/2-1/2"]
[WhiteElo "1964"]
[BlackElo "2249"]
[PlyCount "44"]
[EventDate "2014.10.19"]
[EventType "team-tourn"]
[EventRounds "9"]
[EventCountry "GER"]
[SourceTitle "EXT 2018"]
[Source "ChessBase"]
[SourceDate "2017.10.13"]
[SourceVersion "1"]
[SourceVersionDate "2017.10.13"]
[SourceQuality "1"]
[WhiteTeam "Nuernberg Sued SW II"]
[BlackTeam "Bechhofen"]
[WhiteTeamCountry "GER"]
[BlackTeamCountry "GER"]

1. e4 c5 2. Nc3 e6 3. f4 Nc6 4. Nf3 d5 5. Bb5 a6 6. Bxc6+ bxc6 7. d3 Nf6 8. 0-0 Be7 9. Qe1 0-0 10. Ne5 Qc7 11. b3 Bd6 12. Na4 Bxe5 13. fxe5 Qxe5 14. Bf4 Qh5 15. Bd6 Re8 16. e5 Ng4 17. h3 Nh6 18. Nxc5 f5 19. Qa5 Nf7 20. Qc7 Nd8 21. Rae1 Qf7 22. d4 Qxc7 1/2-1/2

[Event "Regionalliga NO 1112"]
[Site "Bayern"]
[Date "2011.11.20"]
[Round "3.1"]
[White "Roeder, Gerd"]
[Black "Lutz, Dieter"]
[Result "1/2-1/2"]
[WhiteElo "2095"]
[BlackElo "2215"]
[PlyCount "35"]
[EventDate "2011.10.02"]
[EventType "team-tourn"]
[EventRounds "9"]
[EventCountry "GER"]
[SourceTitle "EXT 2013"]
[Source "ChessBase"]
[SourceDate "2012.11.22"]
[SourceVersion "1"]
[SourceVersionDate "2012.11.22"]
[SourceQuality "1"]
[WhiteTeam "Altensittenbach"]
[BlackTeam "Bechhofen"]
[WhiteTeamCountry "GER"]
[BlackTeamCountry "GER"]

1. e4 c5 2. c3 d5 3. exd5 Qxd5 4. d4 Nf6 5. Nf3 Bg4 6. Be2 e6 7. 0-0 Nc6 8. h3 Bh5 9. Be3 cxd4 10. Nxd4 Bxe2 11. Qxe2 Nxd4 12. Bxd4 Be7 13. Rd1 Qc6 14. Nd2 0-0 15. Nf3 Rfd8 16. Ne5 Qe4 17. Qxe4 Nxe4 18. Be3 1/2-1/2

[Event "Regionalliga NO 1011"]
[Site "Bayern"]
[Date "2011.02.27"]
[Round "7.1"]
[White "Lutz, Dieter"]
[Black "Mueller, Christian2222"]
[Result "1/2-1/2"]
[WhiteElo "2245"]
[BlackElo "2098"]
[PlyCount "120"]
[EventDate "2010.10.10"]
[EventType "team-tourn"]
[EventRounds "9"]
[EventCountry "GER"]
[SourceTitle "EXT 2012"]
[Source "ChessBase"]
[SourceDate "2011.11.24"]
[SourceVersion "1"]
[SourceVersionDate "2011.11.24"]
[SourceQuality "1"]
[WhiteTeam "Bechhofen"]
[BlackTeam "Windischeschenbach"]
[WhiteTeamCountry "GER"]
[BlackTeamCountry "GER"]

1. e4 e5 2. Nf3 Nc6 3. Bb5 a6 4. Ba4 Nf6 5. 0-0 Be7 6. Re1 b5 7. Bb3 0-0 8. d3 d6 9. a3 Be6 10. c3 d5 11. exd5 Nxd5 12. Nxe5 Nxe5 13. Rxe5 c6 14. Nd2 Bd6 15. Re1 Bf5 16. Ne4 Bc7 17. Bg5 Qd7 18. Bh4 Nf4 19. Bc2 Rfe8 20. Bg3 Rad8 21. d4 Bg6 22. Qd2 Ne6 23. Bxc7 Qxc7 24. Rad1 Bh5 25. f3 c5 26. d5 c4 27. Qe3 Nf8 28. Qf2 Bg6 29. Rd2 Nd7 30. Red1 Ne5 31. Qd4 Nd7 32. a4 Bxe4 33. fxe4 Qd6 34. Ra1 Ne5 35. Rf2 Ng4 36. g3 Nxf2 37. Qxf2 b4 38. Rf1 f6 39. cxb4 Qxb4 40. Qd4 a5 41. Bd1 Rb8 42. Bh5 Re5 43. Be2 Qxb2 44. Qxc4 Qb4 45. d6+ Qxc4 46. Bxc4+ Kf8 47. Bb5 Rd8 48. d7 Rxe4 49. Rc1 Re5 50. Rc7 Ke7 51. Ra7 h5 52. Kf2 g5 53. Ra6 Rf5+ 54. Ke3 Rxd7 55. Bxd7 Kxd7 56. Ke4 Re5+ 57. Kf3 Ke7 58. h3 Rc5 59. Kf2 Rc2+ 60. Kf3 Rc3+ 1/2-1/2

[Event "Regionalliga NO 1011"]
[Site "Bayern"]
[Date "2010.10.24"]
[Round "2.1"]
[White "Lutz, Dieter"]
[Black "Klek, Hanna Marie"]
[Result "1-0"]
[WhiteElo "2245"]
[BlackElo "2160"]
[PlyCount "169"]
[EventDate "2010.10.10"]
[EventType "team-tourn"]
[EventRounds "9"]
[EventCountry "GER"]
[SourceTitle "EXT 2012"]
[Source "ChessBase"]
[SourceDate "2011.11.24"]
[SourceVersion "1"]
[SourceVersionDate "2011.11.24"]
[SourceQuality "1"]
[WhiteTeam "Bechhofen"]
[BlackTeam "Erlangen"]
[WhiteTeamCountry "GER"]
[BlackTeamCountry "GER"]

1. e4 e5 2. Nf3 Nc6 3. Bb5 a6 4. Bxc6 dxc6 5. Nc3 f6 6. d4 exd4 7. Qxd4 Qxd4 8. Nxd4 c5 9. Nde2 Bd6 10. Bf4 Bxf4 11. Nxf4 Bd7 12. 0-0-0 0-0-0 13. Ncd5 Re8 14. Rhe1 Ne7 15. Nxe7+ Rxe7 16. f3 Bc6 17. g4 Rhe8 18. h4 b6 19. h5 Re5 20. Rh1 Bb5 21. Rh2 a5 22. Nd5 Bc6 23. Nf4 Bb5 24. Rhd2 Bc6 25. h6 g5 26. Nh5 Rf8 27. Ng7 Re7 28. c4 Bd7 29. Kc2 Rg8 30. Kc3 Rf8 31. b3 Rg8 32. a3 Bc6 33. Ra1 Re5 34. Rd3 Rf8 35. Rad1 Rg8 36. Kd2 Rf8 37. Ke3 Re7 38. a4 Re5 39. Nh5 Re6 40. R3d2 Re5 41. Ng7 Re7 42. Rf1 Rff7 43. Nf5 Re5 44. Ng3 Re8 45. Rfd1 Rfe7 46. Nf5 Re5 47. Ng3 R5e7 48. Ne2 Rf8 49. Nc3 Rfe8 50. Nb5 Bb7 51. Rd3 Rg8 52. Nc3 Rge8 53. Nd5 Re6 54. Kf2 Bc6 55. Kg3 Bxd5 56. Rxd5 R6e7 57. Rf5 Re6 58. Re1 Rg8 59. e5 fxe5 60. Rf7 Rgg6 61. Rxh7 Rxh6 62. Rxh6 Rxh6 63. Rxe5 Rg6 64. f4 gxf4+ 65. Kxf4 Kd7 66. g5 Kd6 67. Re3 Rg8 68. Kf5 Rf8+ 69. Kg6 Rf1 70. Kg7 Rg1 71. g6 c6 72. Kf7 Rf1+ 73. Kg8 Rg1 74. g7 b5 75. Rh3 bxa4 76. bxa4 Ke5 77. Kh7 Kd4 78. Rh4+ Kc3 79. g8Q Rxg8 80. Kxg8 Kb4 81. Kf7 Kxa4 82. Ke6 Kb4 83. Kd6 a4 84. Kxc6 a3 85. Kd5 1-0

[Event "Regionalliga NO 1011"]
[Site "Bayern"]
[Date "2010.10.10"]
[Round "1.1"]
[White "Speckner, Roland"]
[Black "Lutz, Dieter"]
[Result "1-0"]
[WhiteElo "2302"]
[BlackElo "2245"]
[PlyCount "45"]
[EventDate "2010.10.10"]
[EventType "team-tourn"]
[EventRounds "9"]
[EventCountry "GER"]
[SourceTitle "EXT 2012"]
[Source "ChessBase"]
[SourceDate "2011.11.24"]
[SourceVersion "1"]
[SourceVersionDate "2011.11.24"]
[SourceQuality "1"]
[WhiteTeam "Kareth Lappersdorf"]
[BlackTeam "Bechhofen"]
[WhiteTeamCountry "GER"]
[BlackTeamCountry "GER"]

1. e4 c5 2. Nf3 e6 3. d4 cxd4 4. Nxd4 Qb6 5. Nb3 Qc7 6. Nc3 a6 7. Qe2 Bd6 8. g3 h5 9. Bg2 h4 10. f4 Nc6 11. Be3 h3 12. Bf3 b5 13. 0-0-0 Bb7 14. Nc5 0-0-0 15. Nxb7 Kxb7 16. Nxb5 axb5 17. Qxb5+ Kc8 18. Rxd6 Qxd6 19. Qa6+ Kc7 20. Bb6+ Kb8 21. Ba7+ Kc7 22. Qb6+ Kc8 23. Be2 1-0

[Event "Regionalliga NO 0910"]
[Site "Bayern"]
[Date "2010.01.24"]
[Round "5.1"]
[White "Mons, Leon"]
[Black "Lutz, Dieter"]
[Result "1-0"]
[WhiteElo "2173"]
[BlackElo "2245"]
[PlyCount "99"]
[EventDate "2009.10.18"]
[EventType "team-tourn"]
[EventRounds "9"]
[EventCountry "GER"]
[SourceTitle "EXT 2011"]
[Source "ChessBase"]
[SourceDate "2010.11.26"]
[SourceVersion "1"]
[SourceVersionDate "2010.11.26"]
[SourceQuality "1"]
[WhiteTeam "Forchheim II"]
[BlackTeam "Bechhofen"]
[WhiteTeamCountry "GER"]
[BlackTeamCountry "GER"]

1. e4 c5 2. Nf3 e6 3. d4 cxd4 4. Nxd4 Qb6 5. Nb3 a6 6. Nc3 Qc7 7. Bd3 Nf6 8. 0-0 b5 9. Qe2 d6 10. Bd2 Nc6 11. f4 Bb7 12. a4 b4 13. Na2 Be7 14. Kh1 d5 15. e5 Nd7 16. Qe1 a5 17. Qg3 g6 18. Be3 h5 19. h3 Ba6 20. Nac1 Kf8 21. Ne2 Kg7 22. Ned4 Nxd4 23. Nxd4 Bxd3 24. cxd3 Bc5 25. f5 Bxd4 26. Bxd4 h4 27. Qg5 exf5 28. e6+ f6 29. Rxf5 Qg3 30. Rxd5 Nf8 31. Qxg3 hxg3 32. Rf1 Nxe6 33. Bxf6+ Kh6 34. Bxh8 Rxh8 35. Rf3 Re8 36. Rxg3 Ng7 37. Rxa5 Nf5 38. Rf3 Re2 39. Raxf5 gxf5 40. Rxf5 Rxb2 41. Rb5 b3 42. Kh2 Ra2 43. Rxb3 Rxa4 44. g4 Rd4 45. Kg3 Kg6 46. Kh4 Kh6 47. Rb6+ Kg7 48. Kh5 Rxd3 49. Rb7+ Kg8 50. h4 1-0

[Event "Regionalliga NO 0910"]
[Site "Bayern"]
[Date "2009.10.18"]
[Round "1.1"]
[White "Roesch, Gerald"]
[Black "Lutz, Dieter"]
[Result "1-0"]
[WhiteElo "1980"]
[BlackElo "2245"]
[PlyCount "27"]
[EventDate "2009.10.18"]
[EventType "team-tourn"]
[EventRounds "9"]
[EventCountry "GER"]
[SourceTitle "EXT 2011"]
[Source "ChessBase"]
[SourceDate "2010.11.26"]
[SourceVersion "1"]
[SourceVersionDate "2010.11.26"]
[SourceQuality "1"]
[WhiteTeam "Amberg Siemens"]
[BlackTeam "Bechhofen"]
[WhiteTeamCountry "GER"]
[BlackTeamCountry "GER"]

1. d4 Nf6 2. f4 d5 3. Nf3 Bf5 4. e3 e6 5. Bd3 Ne4 6. Nc3 Nd7 7. 0-0 c5 8. Bxe4 dxe4 9. Ne5 Nxe5 10. fxe5 Qd7 11. Ne2 Be7 12. c3 0-0 13. Ng3 Bg6 14. dxc5 1-0

[Event "Regionalliga NO 0809"]
[Site "Bayern"]
[Date "2009.02.01"]
[Round "6.1"]
[White "Lutz, Dieter"]
[Black "Klimpel, Thomas"]
[Result "1/2-1/2"]
[WhiteElo "2274"]
[BlackElo "2032"]
[PlyCount "82"]
[EventDate "2008.10.05"]
[EventType "team-tourn"]
[EventRounds "9"]
[EventCountry "GER"]
[SourceTitle "EXT 2020"]
[Source "ChessBase"]
[SourceDate "2019.10.17"]
[SourceVersion "1"]
[SourceVersionDate "2019.10.17"]
[SourceQuality "1"]
[WhiteTeam "Bechhofen"]
[BlackTeam "Kareth Lappersdorf"]
[WhiteTeamCountry "GER"]
[BlackTeamCountry "GER"]

1. e4 c6 2. d4 d5 3. Nd2 dxe4 4. Nxe4 Bf5 5. Ng3 Bg6 6. h4 h6 7. Nf3 Nd7 8. h5 Bh7 9. Bd3 Bxd3 10. Qxd3 e6 11. Bf4 Qa5+ 12. Bd2 Bb4 13. a3 Bxd2+ 14. Qxd2 Qxd2+ 15. Kxd2 0-0-0 16. Ne4 Kc7 17. Ke2 Ngf6 18. Nxf6 gxf6 19. c4 Rhg8 20. g3 c5 21. Rh4 cxd4 22. Rxd4 Ne5 23. Rxd8 Rxd8 24. Nxe5 fxe5 25. Rd1 Rg8 26. b3 a5 27. Kf3 Rg5 28. Rh1 f5 29. Rh4 Kd6 30. Ke3 e4 31. Rh1 Ke5 32. Rd1 Rxh5 33. Rd7 Rh3 34. Ke2 f4 35. gxf4+ Kxf4 36. Rf7+ Ke5 37. Rxb7 a4 38. bxa4 Rxa3 39. Rb4 Ra2+ 40. Ke3 Ra3+ 41. Ke2 Ra2+ 1/2-1/2

[Event "Regionalliga NO 0809"]
[Site "Bayern"]
[Date "2008.10.26"]
[Round "2.1"]
[White "Lutz, Dieter"]
[Black "Trenchev, Jolo"]
[Result "1-0"]
[WhiteElo "2274"]
[BlackElo "2130"]
[PlyCount "123"]
[EventDate "2008.10.05"]
[EventType "team-tourn"]
[EventRounds "9"]
[EventCountry "GER"]
[SourceTitle "EXT 2020"]
[Source "ChessBase"]
[SourceDate "2019.10.17"]
[SourceVersion "1"]
[SourceVersionDate "2019.10.17"]
[SourceQuality "1"]
[WhiteTeam "Bechhofen"]
[BlackTeam "Regensburg Fortuna II"]
[WhiteTeamCountry "GER"]
[BlackTeamCountry "GER"]

1. e4 e6 2. d4 d5 3. Nd2 Nf6 4. e5 Nfd7 5. Bd3 c5 6. c3 Nc6 7. Ne2 cxd4 8. cxd4 f6 9. Nf4 Qe7 10. exf6 Qxf6 11. Nf3 Bb4+ 12. Kf1 g6 13. Qe2 Nb6 14. g3 0-0 15. Kg2 Bd7 16. Bb5 Rae8 17. Bxc6 Bxc6 18. Ne5 Bd6 19. Re1 Nc4 20. b3 Nb6 21. Ng4 Qe7 22. Qxe6+ Qxe6 23. Rxe6 Be7 24. Re1 Bd7 25. Ne5 Bf5 26. Bd2 Ba3 27. Nfd3 Rc8 28. Bc1 Bd6 29. Bh6 Rfe8 30. Rac1 Rxc1 31. Rxc1 Na8 32. Bf4 Nc7 33. Nc5 Nb5 34. Nxb7 Ba3 35. Rd1 Bb2 36. Be3 Nxd4 37. Bxd4 Bxd4 38. Rxd4 Rxe5 39. Rd2 Re6 40. Nc5 Rc6 41. b4 a5 42. a3 axb4 43. axb4 Rb6 44. Rd4 Bb1 45. Na4 Rd6 46. b5 Bc2 47. Nc5 Rb6 48. Rb4 d4 49. Kf3 Bd1+ 50. Ke4 Be2 51. Nd3 Kf7 52. Rb3 Bd1 53. Rb4 Bc2 54. Rb2 Bd1 55. Kxd4 Kf6 56. Kc5 Rb8 57. Nb4 Bf3 58. Nc6 Rb7 59. Rb4 g5 60. h4 h6 61. hxg5+ hxg5 62. b6 1-0

[Event "Oberliga Bayern 0607"]
[Site "Bayern"]
[Date "2006.10.29"]
[Round "2.3"]
[White "Lutz, Dieter"]
[Black "Speckner, Roland"]
[Result "0-1"]
[WhiteElo "2305"]
[BlackElo "2302"]
[PlyCount "60"]
[EventDate "2006.10.15"]
[EventType "team-tourn"]
[EventRounds "9"]
[EventCountry "GER"]
[SourceTitle "EXT 2008"]
[Source "ChessBase"]
[SourceDate "2007.11.25"]
[SourceVersion "1"]
[SourceVersionDate "2007.11.25"]
[SourceQuality "1"]
[WhiteTeam "Nuernberg NT"]
[BlackTeam "Regensburg Fortuna"]
[WhiteTeamCountry "GER"]
[BlackTeamCountry "GER"]

1. e4 c5 2. Nf3 Nc6 3. Bb5 e6 4. Bxc6 bxc6 5. d3 Ne7 6. Qe2 Qc7 7. e5 Ng6 8. 0-0 f6 9. Re1 fxe5 10. Nxe5 Bd6 11. f4 0-0 12. Nxg6 hxg6 13. Nc3 Bxf4 14. Bxf4 Qxf4 15. Ne4 Qe5 16. Qg4 c4 17. dxc4 Ba6 18. b3 Rf4 19. Qe2 Qd4+ 20. Kh1 Raf8 21. Rad1 Rxe4 22. Qxe4 Rf1+ 23. Rxf1 Qxe4 24. Rxd7 c5 25. h3 Bb7 26. Rg1 g5 27. Rd3 g4 28. Kh2 Qf4+ 29. Kh1 g3 30. Rd7 Bxg2+ 0-1

[Event "Bayern-ch 77th"]
[Site "Bad Woerishofen"]
[Date "2006.08.27"]
[Round "2"]
[White "Lipok, Christoph"]
[Black "Lutz, Dieter"]
[Result "0-1"]
[WhiteElo "2140"]
[BlackElo "2305"]
[PlyCount "84"]
[EventDate "2006.08.26"]
[EventType "swiss"]
[EventRounds "9"]
[EventCountry "GER"]
[SourceTitle "EXT 2007"]
[Source "ChessBase"]
[SourceDate "2006.11.23"]
[SourceVersion "1"]
[SourceVersionDate "2006.11.23"]
[SourceQuality "1"]

1. d4 Nf6 2. c4 e6 3. Bg5 h6 4. Bh4 Bb4+ 5. Nd2 g5 6. Bg3 Ne4 7. Ngf3 h5 8. Qc2 Nxd2 9. Nxd2 Bxd2+ 10. Kxd2 Nc6 11. h4 d5 12. e3 g4 13. Rd1 Qe7 14. a3 Bd7 15. cxd5 exd5 16. Bd3 a6 17. Rc1 Rh6 18. Qb3 Rd6 19. Rc2 f5 20. Qxb7 Ra7 21. Qb3 Ra8 22. Bxd6 Qxd6 23. Rc5 Rb8 24. Qc2 f4 25. Re1 Kd8 26. b4 g3 27. f3 fxe3+ 28. Rxe3 a5 29. b5 Nxd4 30. Qc3 Qxc5 31. a4 Qxc3+ 32. Kxc3 Ne6 33. Re5 Nf4 34. Bf5 Bxf5 35. Rxf5 Nxg2 36. Rf8+ Ke7 37. Rxb8 Nxh4 38. Rg8 g2 39. Rg3 Kf6 40. f4 Kf5 41. Kd3 Kxf4 42. Rg8 Nf3 0-1

[Event "Bayern-ch 77th"]
[Site "Bad Woerishofen"]
[Date "2006.08.26"]
[Round "1"]
[White "Lutz, Dieter"]
[Black "Grimberg, Boris"]
[Result "1-0"]
[WhiteElo "2305"]
[BlackElo "2210"]
[PlyCount "101"]
[EventDate "2006.08.26"]
[EventType "swiss"]
[EventRounds "9"]
[EventCountry "GER"]
[SourceTitle "EXT 2007"]
[Source "ChessBase"]
[SourceDate "2006.11.23"]
[SourceVersion "1"]
[SourceVersionDate "2006.11.23"]
[SourceQuality "1"]

1. e4 c5 2. Nf3 d6 3. Bc4 Nc6 4. c3 Nf6 5. d3 Bg4 6. Qb3 e6 7. Qxb7 Rc8 8. Nbd2 Be7 9. Bb5 Qd7 10. Qxd7+ Nxd7 11. h3 Bh5 12. 0-0 0-0 13. Re1 f6 14. d4 Nb6 15. d5 exd5 16. exd5 Ne5 17. c4 g5 18. Nxe5 fxe5 19. Ne4 g4 20. Bh6 gxh3 21. Bxf8 Rxf8 22. gxh3 Bf3 23. Nd2 Bh5 24. Re3 Bh4 25. Ne4 Kh8 26. Kg2 Rg8+ 27. Ng3 Bg5 28. Ra3 Bf4 29. Re1 Rg7 30. Kh1 Bg6 31. Ne4 Nc8 32. Ba4 Bxe4+ 33. Rxe4 Ne7 34. Rb3 Nf5 35. Rb8+ Rg8 36. Rxg8+ Kxg8 37. Re1 Nd4 38. Rg1+ Kf7 39. Bd1 a5 40. b3 Kf8 41. Bh5 Bh6 42. Kg2 Bf4 43. h4 Nf3 44. Kh3 Nd4 45. Bg4 Kf7 46. Be6+ Kf6 47. Rg8 e4 48. Rf8+ Ke5 49. Kg4 e3 50. fxe3 Bxe3 51. Bg8 1-0

[Event "BL2-Ost 0506"]
[Site "Germany"]
[Date "2006.02.19"]
[Round "7.4"]
[White "Kunze, Carlo"]
[Black "Lutz, Dieter"]
[Result "1-0"]
[WhiteElo "2320"]
[BlackElo "2287"]
[PlyCount "65"]
[EventDate "2005.10.23"]
[EventType "team-tourn"]
[EventRounds "9"]
[EventCountry "GER"]
[SourceTitle "EXT 2007"]
[Source "ChessBase"]
[SourceDate "2006.11.23"]
[SourceVersion "1"]
[SourceVersionDate "2006.11.23"]
[SourceQuality "1"]
[WhiteTeam "Chemnitz"]
[BlackTeam "Nuernberg NT"]
[WhiteTeamCountry "GER"]
[BlackTeamCountry "GER"]

1. d4 Nf6 2. c4 g6 3. Nc3 Bg7 4. e4 d6 5. Be2 0-0 6. Bg5 Nbd7 7. Qd2 e5 8. d5 Nc5 9. f3 h6 10. Bxh6 Nfxe4 11. Nxe4 Nxe4 12. fxe4 Qh4+ 13. g3 Qxh6 14. 0-0-0 Qxd2+ 15. Kxd2 f5 16. h4 fxe4 17. g4 Rf2 18. Ke1 e3 19. Rd3 Rf4 20. Rxe3 Bxg4 21. b3 Bf6 22. Rg3 Bf5 23. Nf3 Kg7 24. h5 Rh8 25. Ng5 Bxg5 26. Rxg5 Kf6 27. Rhg1 Rh6 28. Kd2 Rd4+ 29. Kc3 Re4 30. hxg6 Rxe2 31. Rxf5+ Kxf5 32. g7 a5 33. g8Q 1-0